Verbreitung der serbischen Sprache - Statistiken

Allgemein
  • Dieses Quiz wurde 162 mal gespielt
  • Das Durchschnittsergebnis liegt bei 8 aus 9
Antwortstatistiken
Platz Land Anteil Anzahl % Korrekt
2. Bosnien und Herzegowina 15,2% 499.000
99%
1. Serbien 88,1% 6.086.000
99%
7. Kosovo 1,6% 28.000
98%
5. Kroatien 4,4% 178.000
96%
3. Montenegro 42,9% 267.000
96%
8. Slowenien 1,3% 27.000
93%
9. Nordmazedonien 1,2% 25.000
92%
6. Ungarn 1,1% 107.000
84%
4. Österreich 2,2% 196.000
67%
Keine übereinstimmenden Quizze gefunden
Verteilung der Resultate
Anzahl Personen mit jedem Resultat
Perzentil nach korrekt beantworteten Fragen
Ihre Resultats-Entwicklung
Sie haben dieses Quiz noch nicht gespielt